NES Launch Games - Statistics

General Stats
  • This quiz has been taken 134 times
  • The average score is 10 of 18
Answer Stats
# Games % Correct
15 Super Mario Bros.
98%
5 Duck Hunt
80%
6 Excitebike
69%
2 Baseball
63%
16 Tennis
61%
11 Kung-Fu Master
56%
10 Ice Climber
55%
7 Golf
52%
8 Gyromite
52%
1 10-Yard Fight
47%
3 Clu Clu Land
47%
9 Hogan's Alley
47%
14 Stack-up
47%
18 Wrecking Crew
47%
4 Donkey Kong Jr. Math
36%
17 Wild Gunman
36%
12 Mach Rider
34%
13 Pinball
33%
No matching quizzes found
Score Distribution
Percent of People with Each Score
Percentile by Number Answered
Your Score History
You have not taken this quiz